Bleachers - Wild Heart (Lyrics) - Statistics

General Stats
  • This quiz has been taken 3 times
  • The average score is 90 of 198
Answer Stats
Answer % Correct
I
100%
And
67%
and
67%
can't
67%
go
67%
heart
67%
my
67%
No
67%
that
67%
that?
67%
the
67%
They
67%
they
67%
wild
67%
you
67%
your
67%
Your
67%
another
33%
any
33%
anyone
33%
as
33%
away
33%
back
33%
be
33%
board
33%
brave
33%
brave?
33%
by
33%
By
33%
changed
33%
closed
33%
Come
33%
come
33%
crooked
33%
did
33%
die
33%
do
33%
dream
33%
dreams
33%
echoes
33%
ever
33%
everything
33%
Everything
33%
far
33%
felt
33%
find
33%
for
33%
For
33%
glove
33%
Got
33%
has
33%
have
33%
hearts
33%
home,
33%
house
33%
in
33%
it's
33%
last
33%
late
33%
lies
33%
like
33%
matter
33%
matters
33%
must
33%
never
33%
night
33%
now
33%
Now
33%
of
33%
on
33%
one
33%
only
33%
or
33%
parkway
33%
put
33%
sat
33%
shotgun
33%
So
33%
tell
33%
there?
33%
To
33%
to
33%
told
33%
up
33%
us
33%
wait
33%
was
33%
Was
33%
way
33%
we
33%
Were
33%
what
33%
will
33%
with
33%
year
33%
young,
33%
doors
0%
From
0%
from
0%
letters
0%
read
0%
run
0%
think
0%
Well,
0%
Why
0%
windows
0%
years
0%
No matching quizzes found
Score Distribution
Percent of People with Each Score
Percentile by Number Answered
Your Score History
You have not taken this quiz